[Event "BL 0809 SC Remagen - SC Eppingen"]
[Site "?"]
[Date "2008.10.04"]
[Round "1.7"]
[White "Guliyev, Namig"]
[Black "Mainka, Romuald"]
[Result "0-1"]
[WhiteElo "2510"]
[BlackElo "2480"]
[PlyCount "180"]
[EventDate "2008.??.??"]

1. e4 c5 2. Nf3 e6 3. d4 cxd4 4. Nxd4 Nc6 5. Nc3 a6 6. Be2 d6 7. O-O Nf6 8. Be3
Be7 9. f4 Bd7 10. a4 O-O 11. Nb3 Na5 12. e5 Ne8 13. Nxa5 Qxa5 14. Qd2 Rc8 15.
Bf3 Qc7 16. a5 Bc6 17. Bb6 Qb8 18. Qe3 g6 19. Rae1 Ng7 20. g4 Bxf3 21. Rxf3
dxe5 22. fxe5 Rc4 23. h3 h5 24. gxh5 Nxh5 25. b3 Rc6 26. Ne2 Rxc2 27. Nd4 Rcc8
28. Kh1 Bb4 29. Rg1 Rc3 30. Qg5 Ng7 31. Rxc3 Bxc3 32. Nf3 Nf5 33. Qf4 Kg7 34.
Rd1 Rh8 35. Kg2 Qe8 36. Bd8 Qxd8 37. Rxd8 Rxd8 38. h4 Bxa5 39. h5 gxh5 40. Qg5+
Kf8 41. Qxh5 Ke7 42. Qg5+ Kd7 43. Qf4 Rg8+ 44. Kf2 Bb6+ 45. Ke1 Be3 46. Qc4 Rg3
47. Qe4 Kc7 48. Kd1 Bb6 49. Kc1 Kb8 50. Kb1 Ka7 51. b4 Rg2 52. Qd3 Rg4 53. Qd2
Be3 54. Qe1 Bb6 55. b5 a5 56. Qe2 Ne3 57. Qd3 Nd5 58. Qh7 Rg2 59. Qd3 Rg3 60.
Qf1 Ne3 61. Qh1 Rg2 62. Qh4 Rg4 63. Qh5 Rf4 64. Nd2 a4 65. Qe2 Nd5 66. Qd3 Rd4
67. Qc2 Rb4+ 68. Kc1 Be3 69. b6+ Nxb6 70. Kd1 Rd4 71. Qc3 Nc4 72. Ke2 Rxd2+ 73.
Kf3 b5 74. Qb4 Ka6 75. Qf8 Rd7 76. Qc8+ Rb7 77. Ke2 Bb6 78. Qa8+ Ba7 79. Qh8 a3
80. Qh1 Rc7 81. Qb1 Rc5 82. Qf1 Rxe5+ 83. Kd3 Re3+ 84. Kc2 f5 85. Qh1 Re2+ 86.
Kd1 Re4 87. Kc2 a2 88. Kb3 Bd4 89. Kxa2 Re2+ 90. Kb1 Rb2+ 0-1

[Event "BL 0809 SC Remagen - SC Eppingen"]
[Site "?"]
[Date "2008.10.04"]
[Round "1.8"]
[White "Swinkels, Robin"]
[Black "Vogt, Lothar"]
[Result "1-0"]
[WhiteElo "2459"]
[BlackElo "2446"]
[PlyCount "95"]
[EventDate "2008.??.??"]

1. e4 c5 2. Nf3 Nc6 3. d4 cxd4 4. Nxd4 g6 5. c4 Nf6 6. Nc3 d6 7. Be2 Nxd4 8.
Qxd4 Bg7 9. Be3 O-O 10. Qd2 a5 11. O-O a4 12. Rab1 Qa5 13. f3 Rd8 14. Rfc1 Be6
15. b3 axb3 16. axb3 Qb4 17. Qc2 Bd7 18. Kh1 Rdc8 19. Bd2 Qb6 20. Bg5 Be6 21.
Qd3 Kf8 22. Be3 Qb4 23. Bd2 Qb6 24. Be3 Qb4 25. Bd2 Qb6 26. Nb5 Ra2 27. Be3 Qd8
28. Nc3 Ra3 29. Nb5 Ra2 30. Nc3 Raa8 31. Na4 Nd7 32. f4 f5 33. Bf3 Rab8 34. Ba7
Ra8 35. Bd4 Rab8 36. Ba7 Ra8 37. Bd4 Rab8 38. Re1 Bf6 39. Rbd1 h5 40. exf5 Bxf5
41. Be4 Qa5 42. c5 dxc5 43. Bxf5 gxf5 44. Qxf5 Rd8 45. Bc3 Qb5 46. Qh7 Re8 47.
Rxd7 Qxd7 48. Nxc5 1-0

[Event "BL 0809 Turm Emsdetten - SC Kreuzberg"]
[Site "?"]
[Date "2008.10.04"]
[Round "1.1"]
[White "Sargissian, Gabriel"]
[Black "Hector, Jonny"]
[Result "1/2-1/2"]
[WhiteElo "2660"]
[BlackElo "2537"]
[PlyCount "149"]
[EventDate "2008.??.??"]

1. d4 d5 2. c4 c6 3. Nf3 Nf6 4. Nc3 dxc4 5. a4 Bf5 6. Ne5 Na6 7. e3 Nb4 8. Bxc4
e6 9. O-O Bc2 10. Qe2 Nd7 11. Nxd7 Qxd7 12. a5 Bg6 13. e4 Be7 14. a6 b6 15. d5
exd5 16. Nxd5 Nxd5 17. exd5 O-O 18. Rd1 Rad8 19. Bf4 Bc5 20. Bg3 Rde8 21. Qf1
Re7 22. d6 Re4 23. Re1 Rd4 24. Rad1 b5 25. Bd3 Bxd6 26. Bf5 Qxf5 27. Rxd4 Bc5
28. Rdd1 Qc8 29. Bd6 Bxd6 30. Rxd6 Qxa6 31. Qe2 h5 32. Qe5 f6 33. Qc3 Re8 34.
Rxe8+ Bxe8 35. b4 Qa2 36. Rd1 Qe6 37. Ra1 Qd7 38. Qe3 Bf7 39. Qxa7 Qg4 40. Qa8+
Kh7 41. Qxc6 Qxb4 42. h3 Qd4 43. Re1 b4 44. Qe4+ Qxe4 45. Rxe4 b3 46. Rb4 g5
47. h4 gxh4 48. Rxh4 Bg6 49. Rb4 Bc2 50. g3 Kg6 51. Kg2 Kf5 52. Kf3 Bd1+ 53.
Ke3 Bc2 54. Kd2 Kg5 55. f3 Kf5 56. Rb5+ Kg6 57. Ke3 Kh6 58. f4 Kg6 59. Kf3 Kh6
60. Kg2 Kg6 61. Kh3 Bd1 62. Kh2 Bc2 63. Kg2 Kh6 64. Kh3 Kg6 65. Kh4 Bd1 66. Kh3
Bc2 67. Kg2 Kh6 68. Kf2 Kg6 69. Ke3 Kh6 70. Kd2 Kg6 71. Kc3 Kh6 72. Kc4 Kg6 73.
Kd4 Bd1 74. Kc3 Bc2 75. Kd4 1/2-1/2

[Event "BL 0809 Turm Emsdetten - SC Kreuzberg"]
[Site "?"]
[Date "2008.10.04"]
[Round "1.2"]
[White "Feygin, Michael"]
[Black "Maksimenko, Andrei"]
[Result "1/2-1/2"]
[WhiteElo "2569"]
[BlackElo "2536"]
[PlyCount "59"]
[EventDate "2008.??.??"]

1. e4 e5 2. Nf3 Nc6 3. Bb5 a6 4. Bxc6 dxc6 5. O-O f6 6. d4 Bg4 7. dxe5 Qxd1 8.
Rxd1 fxe5 9. Rd3 Bd6 10. Bg5 h6 11. Bh4 Ne7 12. Bxe7 Kxe7 13. Nbd2 Ke6 14. h3
Bh5 15. Nh4 Rhd8 16. g4 Bf7 17. Rd1 Be7 18. Ndf3 g6 19. Ng2 Rxd3 20. Rxd3 a5
21. Nd2 b5 22. f4 exf4 23. Nxf4+ Ke5 24. Rf3 a4 25. Nd3+ Ke6 26. e5 g5 27. Ne4
Bg6 28. Re3 Rd8 29. Kg2 Rd5 30. Kf3 1/2-1/2

[Event "BL 0809 Turm Emsdetten - SC Kreuzberg"]
[Site "?"]
[Date "2008.10.04"]
[Round "1.3"]
[White "Luther, Thomas"]
[Black "Janssen, Ruud"]
[Result "1/2-1/2"]
[WhiteElo "2570"]
[BlackElo "2503"]
[PlyCount "80"]
[EventDate "2008.??.??"]

1. e4 e5 2. Nf3 Nc6 3. Bb5 a6 4. Ba4 Nf6 5. O-O Be7 6. Re1 b5 7. Bb3 d6 8. c3
O-O 9. h3 Na5 10. Bc2 c5 11. d4 Qc7 12. Nbd2 Rd8 13. b3 Bd7 14. d5 c4 15. b4
Nb7 16. Nf1 a5 17. Ng3 g6 18. a3 Ra6 19. Rb1 Rda8 20. Nh2 axb4 21. axb4 Ra1 22.
Rf1 Nd8 23. Kh1 Rxb1 24. Bxb1 Ne8 25. f4 f6 26. f5 Nf7 27. Ng4 g5 28. Nh5 Qd8
29. h4 h6 30. hxg5 hxg5 31. Be3 Ra6 32. Rf2 Ng7 33. Nxg7 Kxg7 34. Ra2 Rxa2 35.
Bxa2 Qa8 36. Bb1 Qa1 37. Qc2 Nh6 38. Nxh6 Kxh6 39. g4 Bd8 40. Kg2 Kg7 1/2-1/2

[Event "BL 0809 Turm Emsdetten - SC Kreuzberg"]
[Site "?"]
[Date "2008.10.04"]
[Round "1.4"]
[White "Spoelman, Wouter"]
[Black "Shengelia, Davit"]
[Result "1/2-1/2"]
[WhiteElo "2448"]
[BlackElo "2569"]
[PlyCount "86"]
[EventDate "2008.??.??"]

1. e4 c5 2. Nf3 d6 3. d4 cxd4 4. Nxd4 Nf6 5. Nc3 Nc6 6. Bg5 e6 7. Qd2 Qb6 8.
Nb3 a6 9. O-O-O Be7 10. f3 Qc7 11. Kb1 Bd7 12. h4 h5 13. Bd3 b5 14. Bxb5 axb5
15. Nxb5 Qb8 16. Nxd6+ Kf8 17. Rhe1 Ne5 18. f4 Neg4 19. e5 Bxd6 20. exd6 Qa7
21. a3 Nf2 22. Rc1 N2e4 23. Qd3 Nc5 24. Nxc5 Qxc5 25. Re5 Qc6 26. Qd4 Rc8 27.
Bxf6 gxf6 28. Re3 Rh6 29. Rc3 Qa6 30. Rxc8+ Qxc8 31. Re1 Rg6 32. Re3 Kg7 33.
Rc3 Qe8 34. Rc7 e5 35. Qa7 Be6 36. Re7 Qc8 37. f5 Ba2+ 38. Ka1 Qxc2 39. Kxa2
Qc4+ 40. Ka1 Qc1+ 41. Ka2 Qc4+ 42. Ka1 Qf1+ 43. Ka2 Qc4+ 1/2-1/2

[Event "BL 0809 Turm Emsdetten - SC Kreuzberg"]
[Site "?"]
[Date "2008.10.04"]
[Round "1.5"]
[White "Figura, Atila Gajo"]
[Black "Pruijssers, Roeland"]
[Result "1-0"]
[WhiteElo "2407"]
[BlackElo "2452"]
[PlyCount "43"]
[EventDate "2008.??.??"]

1. d4 Nf6 2. c4 g6 3. Nc3 Bg7 4. e4 d6 5. Nf3 O-O 6. Be2 e5 7. O-O Na6 8. Be3
Ng4 9. Bg5 Qe8 10. Re1 exd4 11. Nxd4 Qe5 12. Nf3 Qc5 13. Bh4 Be6 14. Nd5 Bxd5
15. cxd5 Bxb2 16. Rb1 Bc3 17. Rf1 Qa5 18. Qc2 Nc5 19. Rb5 Qa3 20. Bg5 Bg7 21.
Nd2 Ne5 22. Nb1 1-0

[Event "BL 0809 Turm Emsdetten - SC Kreuzberg"]
[Site "?"]
[Date "2008.10.04"]
[Round "1.6"]
[White "Brandenburg, Daan"]
[Black "Richter, Michael"]
[Result "1/2-1/2"]
[WhiteElo "2431"]
[BlackElo "2422"]
[PlyCount "108"]
[EventDate "2008.??.??"]

1. e4 c5 2. c3 d5 3. exd5 Qxd5 4. d4 e6 5. Nf3 Nf6 6. Na3 Nc6 7. Nb5 Qd8 8.
dxc5 Bxc5 9. Qxd8+ Kxd8 10. Bf4 Ne4 11. Ng5 Nxg5 12. Bxg5+ f6 13. Bf4 e5 14.
O-O-O+ Ke7 15. Bg3 Bg4 16. f3 Bf5 17. b4 Be3+ 18. Kb2 Rhd8 19. Be2 a5 20. Nc7
axb4 21. Nxa8 bxc3+ 22. Kxc3 Rxa8 23. Bc4 Rc8 24. Bd3 Na7+ 25. Kb3 Be6+ 26. Kb2
Bd4+ 27. Kb1 Nc6 28. Be4 Ra8 29. Rd2 Nb4 30. Rxd4 exd4 31. Bxb7 Rxa2 32. Re1
Kf7 33. Bd6 Nd3 34. Rd1 Rb2+ 35. Ka1 Ra2+ 36. Kb1 Rb2+ 37. Ka1 Rb6 38. Ba3 Rb3
39. Bd6 Rb6 40. Ba3 Rb3 41. Bd6 Nb2 42. Rb1 Rxb7 43. Rxb2 Rd7 44. Bc5 d3 45.
Rd2 h5 46. h4 g5 47. hxg5 fxg5 48. Kb2 Bf5 49. Kc3 Rc7 50. Kd4 h4 51. Ra2 Kg6
52. Bb4 Rd7+ 53. Ke5 Rf7 54. Ra6+ Kh5 1/2-1/2

[Event "BL 0809 Turm Emsdetten - SC Kreuzberg"]
[Site "?"]
[Date "2008.10.04"]
[Round "1.7"]
[White "Kalinitschew, Sergey"]
[Black "Giri, Anish"]
[Result "1/2-1/2"]
[WhiteElo "2456"]
[BlackElo "2430"]
[PlyCount "122"]
[EventDate "2008.??.??"]

1. Nf3 Nf6 2. c4 c5 3. Nc3 Nc6 4. d4 cxd4 5. Nxd4 g6 6. e4 Nxd4 7. Qxd4 d6 8.
Be2 Bg7 9. O-O O-O 10. Qe3 Be6 11. Rd1 Qb6 12. Rb1 Rfc8 13. Nd5 Nxd5 14. cxd5
Bd7 15. Qxb6 axb6 16. a3 b5 17. Bd3 b4 18. axb4 Ra2 19. Kf1 Bd4 20. b5 f6 21.
Be2 Bb6 22. Bd2 f5 23. e5 dxe5 24. Bc3 e4 25. d6 e6 26. Rbc1 Kf7 27. Be5 Rxc1
28. Rxc1 Ra8 29. f3 exf3 30. gxf3 g5 31. h4 h6 32. hxg5 hxg5 33. Kg2 Rc8 34.
Rh1 Kg6 35. Bc3 Bd8 36. f4 g4 37. Kg3 Bf6 38. Bxf6 Kxf6 39. Rh7 Rd8 40. Bc4 b6
41. Re7 Bc8 42. Rc7 Bd7 43. Rb7 e5 44. Rxb6 Rh8 45. Rb7 exf4+ 46. Kxf4 Rh3 47.
Be2 Ke6 48. b4 Kxd6 49. Rb6+ Kc7 50. Rf6 Rb3 51. b6+ Kb7 52. b5 Rb4+ 53. Kg3
Rb3+ 54. Kf4 Bxb5 55. Bd1 Rb4+ 56. Kxf5 Rd4 57. Bc2 Bc6 58. Ke5 Rb4 59. Rg6 Rc4
60. Bd1 Re4+ 61. Kf6 Kxb6 1/2-1/2

[Event "BL 0809 Turm Emsdetten - SC Kreuzberg"]
[Site "?"]
[Date "2008.10.04"]
[Round "1.8"]
[White "Kabatianski, Alexandr"]
[Black "Tischbierek, Raj"]
[Result "1/2-1/2"]
[WhiteElo "2436"]
[BlackElo "2459"]
[PlyCount "59"]
[EventDate "2008.??.??"]

1. d4 d5 2. c4 c6 3. e3 Nf6 4. Nc3 g6 5. Nf3 Bg7 6. Bd3 O-O 7. O-O Bg4 8. h3
Bxf3 9. Qxf3 e6 10. Rd1 Nbd7 11. b3 Re8 12. Bb2 Qe7 13. Bf1 a6 14. Qe2 h5 15.
g3 Rec8 16. a4 a5 17. Ba3 Qd8 18. Bg2 Qb6 19. Qc2 Re8 20. Rab1 Bf8 21. Bb2 Bg7
22. Rd2 Rac8 23. Rbd1 Nb8 24. Na2 Nbd7 25. Nc3 Nb8 26. f4 Na6 27. Ba3 c5 28.
Nb5 Nb4 29. Bxb4 axb4 30. Kh1 1/2-1/2

[Event "BL 0809 Werder Bremen - USV TU Dresden"]
[Site "?"]
[Date "2008.10.04"]
[Round "1.1"]
[White "Maiwald, Jens-Uwe"]
[Black "McShane, Luke James"]
[Result "1/2-1/2"]
[WhiteElo "2500"]
[BlackElo "2596"]
[PlyCount "66"]
[EventDate "2008.??.??"]

1. d4 Nf6 2. c4 g6 3. Nc3 Bg7 4. e4 d6 5. f3 O-O 6. Be3 c6 7. Bd3 a6 8. Nge2 b5
9. O-O Nbd7 10. Rc1 Bb7 11. Qd2 e5 12. d5 bxc4 13. Bxc4 Nb6 14. Bb3 c5 15. Na4
Nfd7 16. Nxb6 Nxb6 17. Nc3 Bc8 18. Na4 Bd7 19. Nxb6 Qxb6 20. Bc4 f5 21. Rc3 Rf7
22. Rb1 a5 23. Rb3 Qd8 24. exf5 Bxf5 25. Rc1 Kh8 26. Bd3 a4 27. Ra3 Bxd3 28.
Rxd3 e4 29. fxe4 Qh4 30. Bf2 Qxe4 31. Re1 Qg4 32. h3 Qd7 33. b3 axb3 1/2-1/2

[Event "BL 0809 Werder Bremen - USV TU Dresden"]
[Site "?"]
[Date "2008.10.04"]
[Round "1.2"]
[White "Eljanov, Pavel"]
[Black "Roos, Michael"]
[Result "1-0"]
[WhiteElo "2716"]
[BlackElo "2367"]
[PlyCount "80"]
[EventDate "2008.??.??"]

1. d4 Nf6 2. c4 g6 3. Nc3 Bg7 4. e4 d6 5. h3 O-O 6. Bg5 c6 7. Nf3 e5 8. d5 a5
9. Be2 Na6 10. Nd2 Bd7 11. a3 cxd5 12. exd5 Qb8 13. O-O h6 14. Be3 Ne8 15. Bb6
f5 16. Bxa5 b6 17. Bb4 Qd8 18. Na2 Nxb4 19. Nxb4 e4 20. Qc2 Ba4 21. Qc1 Qg5 22.
Rb1 Be5 23. b3 Bd7 24. Qc2 Rxa3 25. Nc6 Bg7 26. c5 Bxc6 27. dxc6 bxc5 28. Nc4
Ra7 29. b4 cxb4 30. Rxb4 Qe7 31. Rfb1 Rc7 32. Rb7 Bd4 33. Qd2 Bc5 34. Qxh6 Qg7
35. Qg5 Qf6 36. Qd2 Rff7 37. Rb8 Rfe7 38. Ne3 Bxe3 39. fxe3 Qe5 40. R1b5 Qf6
1-0

[Event "BL 0809 Werder Bremen - USV TU Dresden"]
[Site "?"]
[Date "2008.10.04"]
[Round "1.3"]
[White "Gauglitz, Gernot"]
[Black "Efimenko, Zahar"]
[Result "1/2-1/2"]
[WhiteElo "2397"]
[BlackElo "2670"]
[PlyCount "172"]
[EventDate "2008.??.??"]

1. d4 Nf6 2. Nf3 g6 3. c4 Bg7 4. g3 d5 5. cxd5 Nxd5 6. Bg2 Nb6 7. Nc3 Nc6 8. e3
O-O 9. O-O Re8 10. d5 Na5 11. Nd4 Bd7 12. e4 Rc8 13. b3 c6 14. Be3 cxd5 15.
Nxd5 e5 16. Ne2 Nxd5 17. Qxd5 Bg4 18. Qxd8 Rexd8 19. f3 Be6 20. Rfd1 Nc6 21.
Rac1 Bf8 22. Bf1 Ba3 23. Rb1 a6 24. Bb6 Rxd1 25. Rxd1 Nb4 26. Rd2 Nc2 27. f4
Bb4 28. Rd1 Rc6 29. Bf2 Rd6 30. Rxd6 Bxd6 31. fxe5 Bxe5 32. Bc5 g5 33. Kf2 Kg7
34. Nc1 Bc3 35. Nd3 a5 36. Be2 Bd4+ 37. Bxd4+ Nxd4 38. Bd1 Nb5 39. Nc5 Nc3 40.
Bc2 b6 41. Nxe6+ fxe6 42. a4 e5 43. Ke3 Na2 44. Bd3 Kf6 45. Bc4 Nb4 46. Bg8 h6
47. Kd2 Ke7 48. Kc3 Kd6 49. Kc4 Nc2 50. h4 Ne3+ 51. Kb5 Kc7 52. hxg5 hxg5 53.
Bf7 Nf1 54. g4 Ne3 55. Be6 Nc2 56. Bf7 Na3+ 57. Ka6 Kc6 58. Bd5+ Kc5 59. Kb7
Nb1 60. Kc7 Nc3 61. Bc6 Nd1 62. Bd7 Nf2 63. Bf5 Nd3 64. Be6 Ne1 65. Bd5 Nf3 66.
Bc4 Nd2 67. Bd5 Nf1 68. Bc4 Ne3 69. Be6 Nd1 70. Bd7 Nf2 71. Bf5 Nd3 72. Be6 Nb4
73. Bc4 Nc2 74. Bd5 Nd4 75. Bc4 Nf3 76. Be6 b5 77. axb5 Kxb5 78. Kd6 Kb4 79.
Bd5 Kc3 80. Ke6 Kd4 81. Kf5 Ke3 82. Bf7 Kf2 83. Bc4 Ke3 84. Bf7 Kd4 85. Bd5 Kc3
86. Bf7 Kd4 1/2-1/2

[Event "BL 0809 Werder Bremen - USV TU Dresden"]
[Site "?"]
[Date "2008.10.04"]
[Round "1.4"]
[White "Areshchenko, Alexander"]
[Black "Seifert, Volker"]
[Result "1/2-1/2"]
[WhiteElo "2664"]
[BlackElo "2360"]
[PlyCount "63"]
[EventDate "2008.??.??"]

1. e4 e6 2. d4 d5 3. Nc3 Bb4 4. e5 Ne7 5. a3 Bxc3+ 6. bxc3 c5 7. Qg4 O-O 8. Bd3
Qa5 9. Ne2 cxd4 10. Bg5 Ng6 11. f4 Nd7 12. h4 f5 13. Qg3 Rf7 14. h5 Ngf8 15. h6
g6 16. O-O dxc3 17. Rfb1 a6 18. Qh4 Qc5+ 19. Kh2 b5 20. Bd8 Bb7 21. Ba5 d4 22.
Rb4 Nb6 23. Bxb6 Qxb6 24. Rxd4 Bd5 25. a4 b4 26. Bc4 Bxc4 27. Rxc4 Rd7 28. Rb1
Qe3 29. Re1 Qb6 30. Rb1 Qe3 31. Re1 Qb6 32. Rb1 1/2-1/2

[Event "BL 0809 Werder Bremen - USV TU Dresden"]
[Site "?"]
[Date "2008.10.04"]
[Round "1.5"]
[White "Hoffmann, Paul"]
[Black "Meier, Georg"]
[Result "0-1"]
[WhiteElo "2374"]
[BlackElo "2556"]
[PlyCount "88"]
[EventDate "2008.??.??"]

1. e4 c5 2. Nf3 e6 3. d4 cxd4 4. Nxd4 a6 5. Bd3 Bc5 6. Nb3 Be7 7. Qg4 g6 8. Qe2
d6 9. O-O Nd7 10. f4 Qc7 11. Kh1 Ngf6 12. Be3 b6 13. Nc3 Bb7 14. Rae1 b5 15.
Bd4 O-O 16. e5 Nh5 17. Be4 Bxe4 18. Qxe4 Rac8 19. exd6 Bxd6 20. Be5 Rfd8 21.
Bxd6 Qxd6 22. Rd1 Qc7 23. Qb4 Nb6 24. Qa5 Rxd1 25. Nxd1 Nd5 26. Qxc7 Rxc7 27.
g3 Rxc2 28. Rf2 Rc4 29. Kg2 Ng7 30. Rd2 Nf5 31. Kf3 Kf8 32. Nf2 Ke7 33. Ne4 h6
34. Nbc5 Nd6 35. Nxd6 Rxc5 36. Ne4 Rc4 37. h4 a5 38. Nf2 h5 39. Ke2 Kf6 40. Kf3
b4 41. Ne4+ Ke7 42. Nf2 a4 43. Nd1 Rc1 44. Ke4 Ra1 0-1

[Event "BL 0809 Werder Bremen - USV TU Dresden"]
[Site "?"]
[Date "2008.10.04"]
[Round "1.6"]
[White "Babula, Vlastimil"]
[Black "Eichner, Sebastian"]
[Result "1-0"]
[WhiteElo "2597"]
[BlackElo "2326"]
[PlyCount "47"]
[EventDate "2008.??.??"]

1. d4 d5 2. c4 c6 3. Nf3 Nf6 4. Nc3 dxc4 5. a4 Bf5 6. Ne5 Nbd7 7. Nxc4 Qc7 8.
g3 e5 9. dxe5 Nxe5 10. Bf4 Nfd7 11. Bg2 g5 12. Bxe5 Nxe5 13. Qd4 f6 14. Ne3 Be6
15. O-O-O Qb6 16. Qe4 Bc5 17. Nf5 O-O 18. f4 Bxf5 19. Qxf5 Ng6 20. Rd7 Rae8 21.
h4 gxf4 22. Rxh7 Ne7 23. Qh5 Be3+ 24. Kb1 1-0

[Event "BL 0809 Werder Bremen - USV TU Dresden"]
[Site "?"]
[Date "2008.10.04"]
[Round "1.7"]
[White "Graf, Felix"]
[Black "Fish, Gennadij"]
[Result "1/2-1/2"]
[WhiteElo "2256"]
[BlackElo "2531"]
[PlyCount "67"]
[EventDate "2008.??.??"]

1. d4 Nf6 2. c4 e6 3. Nf3 b6 4. a3 Bb7 5. Nc3 d5 6. cxd5 exd5 7. g3 Bd6 8. Bg2
O-O 9. O-O Nbd7 10. Nb5 Be7 11. Bf4 c6 12. Bc7 Qc8 13. Bd6 Re8 14. Bxe7 Rxe7
15. Nd6 Qc7 16. Nxb7 Qxb7 17. Rc1 c5 18. e3 Ree8 19. Qd3 c4 20. Qf5 g6 21. Qc2
Ne4 22. Nd2 f5 23. Nxe4 fxe4 24. f3 Nf6 25. fxe4 Nxe4 26. Rf4 b5 27. Bxe4 Rxe4
28. Rxe4 dxe4 29. Rf1 Rf8 30. Rxf8+ Kxf8 31. Qd2 a6 32. Qb4+ Qe7 33. Kf2 Kf7
34. Qxe7+ 1/2-1/2

[Event "BL 0809 Werder Bremen - USV TU Dresden"]
[Site "?"]
[Date "2008.10.04"]
[Round "1.8"]
[White "Knaak, Rainer"]
[Black "Baier, Silvio"]
[Result "1-0"]
[WhiteElo "2477"]
[BlackElo "2247"]
[PlyCount "91"]
[EventDate "2008.??.??"]

1. d4 d5 2. c4 e6 3. Nc3 Be7 4. cxd5 exd5 5. Bf4 c6 6. Qc2 Bd6 7. Bxd6 Qxd6 8.
e3 Ne7 9. Bd3 Nd7 10. Nf3 Nf6 11. h3 g6 12. g4 Be6 13. O-O-O O-O 14. Kb1 Nd7
15. Rhg1 Rac8 16. Nh4 c5 17. Nf5 Bxf5 18. gxf5 Qf6 19. Be2 Qxf5 20. Qxf5 Nxf5
21. Bg4 Kh8 22. Nxd5 Rcd8 23. Bxf5 gxf5 24. Rg5 cxd4 25. Rxd4 Nb6 26. Rxf5 Nxd5
27. Rdxd5 Kg7 28. Kc2 f6 29. e4 Rxd5 30. Rxd5 Rc8+ 31. Kd3 Rc7 32. a4 Kf7 33.
a5 Ke6 34. Rh5 Rd7+ 35. Ke3 Rc7 36. f4 Rc2 37. Rxh7 Rxb2 38. f5+ Kd6 39. Rf7
Rb3+ 40. Kf4 Rxh3 41. Rxf6+ Ke7 42. Rg6 Kf8 43. e5 Ra3 44. e6 Rxa5 45. f6 Ra6
46. Ke5 1-0

[Event "BL 0809 Solinger SG - SV Mülheim Nord"]
[Site "?"]
[Date "2008.10.05"]
[Round "1.1"]
[White "Kasimdzhanov, Rustam"]
[Black "Stellwagen, Daniel"]
[Result "1/2-1/2"]
[WhiteElo "2679"]
[BlackElo "2616"]
[PlyCount "51"]
[EventDate "2008.??.??"]

1. d4 d5 2. c4 c6 3. Nc3 Nf6 4. e3 e6 5. Nf3 Nbd7 6. Qc2 Bd6 7. Bd3 O-O 8. O-O
dxc4 9. Bxc4 a6 10. Rd1 c5 11. dxc5 Bxc5 12. Bd3 b5 13. a4 bxa4 14. Ng5 h6 15.
Nh7 Nxh7 16. Bxh7+ Kh8 17. Nxa4 Bb4 18. Be4 Ra7 19. Bd2 Rc7 20. Qd3 Qe7 21.
Rac1 Rxc1 22. Rxc1 Bxd2 23. Qxd2 Nf6 24. Bd3 Bd7 25. Nc5 Bb5 26. Bxb5 1/2-1/2

[Event "BL 0809 Solinger SG - SV Mülheim Nord"]
[Site "?"]
[Date "2008.10.05"]
[Round "1.2"]
[White "Werle, Jan"]
[Black "Vachier-Lagrave, Maxime"]
[Result "0-1"]
[WhiteElo "2591"]
[BlackElo "2681"]
[PlyCount "82"]
[EventDate "2008.??.??"]

1. d4 Nf6 2. c4 g6 3. Nc3 d5 4. cxd5 Nxd5 5. e4 Nxc3 6. bxc3 Bg7 7. Bc4 c5 8.
Ne2 Nc6 9. Be3 O-O 10. O-O Bd7 11. Rb1 Qc7 12. Bf4 Qc8 13. d5 Na5 14. Bd3 e5
15. Be3 f5 16. exf5 gxf5 17. f3 b6 18. g4 f4 19. Bf2 h5 20. gxh5 c4 21. Bc2 Bf5
22. h6 Bxh6 23. Kh1 Bxc2 24. Qxc2 Qf5 25. Rg1+ Kh7 26. Qxf5+ Rxf5 27. Bh4 Nb7
28. Rg4 Rg8 29. Rbg1 Rg7 30. Rxg7+ Bxg7 31. Be7 Bf8 32. Bxf8 Rxf8 33. Rg5 Re8
34. Kg2 Nd6 35. Kh3 Nf7 36. Rg1 Rd8 37. Rd1 Kg6 38. Rd2 Nd6 39. Kg2 Nf5 40. Kf2
Rd6 41. Rd1 Kf6 0-1

[Event "BL 0809 Solinger SG - SV Mülheim Nord"]
[Site "?"]
[Date "2008.10.05"]
[Round "1.3"]
[White "Tregubov, Pavel V"]
[Black "Smeets, Jan"]
[Result "1/2-1/2"]
[WhiteElo "2658"]
[BlackElo "2593"]
[PlyCount "71"]
[EventDate "2008.??.??"]

1. d4 d5 2. c4 c6 3. Nf3 Nf6 4. e3 Bg4 5. h3 Bxf3 6. Qxf3 e6 7. Nc3 Nbd7 8. Bd2
Bb4 9. Bd3 O-O 10. a3 dxc4 11. Bxc4 Bd6 12. Ba2 Qb6 13. Rb1 c5 14. dxc5 Nxc5
15. O-O Nb3 16. Be1 Rfd8 17. Qe2 Nc5 18. Rd1 Be5 19. b4 Nce4 20. Nxe4 Nxe4 21.
Bb1 Rxd1 22. Qxd1 Nf6 23. Qe2 Rc8 24. Bd2 g6 25. Rc1 Rxc1+ 26. Bxc1 a5 27. Qc4
axb4 28. axb4 Nd5 29. Bd2 Qa7 30. Kf1 Qa1 31. Qa2 Qxa2 32. Bxa2 b5 33. Bb1 Bd6
34. Bd3 Bxb4 35. Bxb4 Nxb4 36. Bxb5 1/2-1/2

[Event "BL 0809 Solinger SG - SV Mülheim Nord"]
[Site "?"]
[Date "2008.10.05"]
[Round "1.5"]
[White "Fridman, Daniel"]
[Black "Buhmann, Rainer"]
[Result "1-0"]
[WhiteElo "2637"]
[BlackElo "2561"]
[PlyCount "123"]
[EventDate "2008.??.??"]

1. d4 d5 2. c4 c6 3. Nf3 Nf6 4. e3 a6 5. Bd2 e6 6. Qc2 Nbd7 7. Nc3 Be7 8. e4
dxc4 9. e5 Nd5 10. Bxc4 Nb4 11. Qe4 b5 12. Be2 f5 13. exf6 Nxf6 14. Qb1 c5 15.
dxc5 Bxc5 16. Ne4 Nxe4 17. Qxe4 Qd5 18. Qxd5 Nxd5 19. Rc1 Be7 20. Ng5 Bd7 21.
Bh5+ g6 22. Bg4 Bxg5 23. Bxg5 h6 24. Bd2 Kf7 25. h4 h5 26. Bd1 Rac8 27. Rh3
Rxc1 28. Bxc1 Rc8 29. Bg5 b4 30. Kd2 Rc4 31. Rf3+ Kg7 32. Be2 Rg4 33. Rg3 Rxg3
34. fxg3 a5 35. g4 hxg4 36. Bxg4 Nf6 37. Bf3 e5 38. Be3 e4 39. Bd1 Nd5 40. Bc2
Bf5 41. Bb3 Be6 42. Bg5 Kf7 43. Bc2 Bf5 44. Bd1 Bd7 45. g3 a4 46. Bc2 a3 47.
bxa3 bxa3 48. Bxe4 Be6 49. Bd8 Nb4 50. Ba5 Nxa2 51. Kc2 Kf6 52. Bd2 Bf7 53. Kd3
Ke5 54. Ke3 Be8 55. Bc2 Bf7 56. Be4 Be8 57. Bb1 Bf7 58. Bc2 Kf6 59. Kd4 Be6 60.
Bd3 Bf5 61. Bc4 Bb1 62. g4 1-0

[Event "BL 0809 Solinger SG - SV Mülheim Nord"]
[Site "?"]
[Date "2008.10.05"]
[Round "1.6"]
[White "Naumann, Alexander"]
[Black "Potkin, Vladimir"]
[Result "1/2-1/2"]
[WhiteElo "2502"]
[BlackElo "2629"]
[PlyCount "46"]
[EventDate "2008.??.??"]

1. d4 d5 2. c4 c6 3. Nf3 Nf6 4. Nc3 e6 5. Bg5 h6 6. Bxf6 Qxf6 7. e3 Nd7 8. Bd3
dxc4 9. Bxc4 g6 10. O-O Bg7 11. Rc1 O-O 12. e4 Qe7 13. Qe2 c5 14. d5 Ne5 15.
Nxe5 Bxe5 16. f4 Bd4+ 17. Kh1 Rb8 18. e5 exd5 19. Nxd5 Qd8 20. f5 Bxf5 21. Rxf5
gxf5 22. Nf6+ Kg7 23. Rf1 b5 1/2-1/2

[Event "BL 0809 Solinger SG - SV Mülheim Nord"]
[Site "?"]
[Date "2008.10.05"]
[Round "1.7"]
[White "Golod, Vitali"]
[Black "Ragger, Markus"]
[Result "1-0"]
[WhiteElo "2578"]
[BlackElo "2527"]
[PlyCount "93"]
[EventDate "2008.??.??"]

1. d4 d5 2. c4 c6 3. Nf3 Nf6 4. e3 Bf5 5. Nc3 e6 6. Nh4 Bg6 7. Be2 Nbd7 8. O-O
Bd6 9. g3 O-O 10. Nxg6 hxg6 11. b3 Qe7 12. Bf3 Rfd8 13. Rb1 Bb4 14. Bb2 Rac8
15. Qe2 c5 16. dxc5 Nxc5 17. cxd5 exd5 18. Rfc1 Nce4 19. Nxe4 dxe4 20. Rxc8
Rxc8 21. Bg2 Rc6 22. Rd1 a6 23. h3 Bc3 24. Bxc3 Rxc3 25. Rd4 Rc1+ 26. Kh2 Qa3
27. Qd2 Ra1 28. Qc3 Rc1 29. Rd8+ Kh7 30. Qe5 Qxa2 31. Qf4 Qc2 32. g4 Qc7 33.
Qxc7 Rxc7 34. g5 Rd7 35. Rc8 Nd5 36. Bxe4 b5 37. Kg3 Nc7 38. h4 Ne6 39. f4 Rd8
40. Rc6 Kg8 41. b4 Rd2 42. Rxa6 Nc7 43. Rc6 Rd7 44. Rb6 Kf8 45. Rb7 Re7 46. Kf3
f5 47. Bc6 1-0

[Event "BL 0809 Solinger SG - SV Mülheim Nord"]
[Site "?"]
[Date "2008.10.05"]
[Round "1.8"]
[White "Ernst, Sipke"]
[Black "Malakhatko, Vadim"]
[Result "1/2-1/2"]
[WhiteElo "2581"]
[BlackElo "2612"]
[PlyCount "37"]
[EventDate "2008.??.??"]

1. Nf3 d5 2. d4 c6 3. c4 Nf6 4. Nc3 dxc4 5. a4 e6 6. e3 c5 7. Bxc4 Nc6 8. O-O
Be7 9. Qe2 cxd4 10. exd4 O-O 11. Rd1 Nb4 12. Ne5 Bd7 13. Bg5 Bc6 14. Nxc6 bxc6
15. a5 Nfd5 16. Bxe7 Qxe7 17. Ne4 Rfd8 18. g3 Rab8 19. Nc5 1/2-1/2